|
|
|
|
| LEADER |
01297nam a2200301 a 4500 |
| 001 |
GR-Patra15051 |
| 008 |
030127s1999 mau e b 001 0 eng d |
| 020 |
|
|
|a 0071167935
|
| 040 |
|
|
|a GrPaTEI
|b gre
|c GR-PaULI
|
| 040 |
|
|
|a GrPaTEI
|b gre
|c GR-PaULI
|
| 082 |
|
0 |
|a 624.1776
|2 21
|
| 100 |
1 |
|
|a Ugural, A. C.
|
| 245 |
1 |
0 |
|a Stresses in plates and shells /
|c Ansel C. Ugural.
|
| 250 |
|
|
|a 2nd ed.
|
| 260 |
|
|
|a Boston :
|b WCB/McGraw-Hill,
|c c1999
|
| 300 |
|
|
|a xx, 502σ.
|
| 490 |
1 |
|
|a Mechanical Engineering Series
|
| 504 |
|
|
|a Περιλαμβάνει βιβλιογραφίες και ευρετήριο.
|
| 650 |
|
0 |
|a Plates (Engineering)
|
| 650 |
|
0 |
|a Shells (Engineering)
|
| 650 |
|
0 |
|a Strains and stresses
|
| 710 |
0 |
|
|a McGraw-Hill/WCB
|
| 830 |
|
0 |
|1 00112020
|1 2001
|a McGraw-Hill mechanical engineering series
|
| 942 |
|
|
|2 ddc
|
| 952 |
|
|
|0 0
|1 0
|2 ddc
|4 0
|6 624_177600000000000_UGU
|7 0
|9 293872
|a LISK
|b LISK
|c BSC
|d 2021-01-17
|e 24
|f 0
|g 0.00
|l 0
|o 624.1776 UGU
|p 92410016013
|r 2021-01-17 00:00:00
|t 1
|w 2021-01-17
|y BK15
|x 20030917 0 1
|x GrPaTEI
|
| 952 |
|
|
|0 0
|1 0
|2 ddc
|4 0
|6 624_177600000000000_UGU
|7 0
|9 293873
|a LISK
|b LISK
|c BSC
|d 2021-01-17
|e 24
|f 0
|g 0.00
|l 0
|o 624.1776 UGU
|p 92410017205
|r 2021-01-17 00:00:00
|t 1
|w 2021-01-17
|y BK15
|x 20030127 0 1
|x GrPaTEI
|
| 971 |
|
|
|a .b26625660
|b 16-04-20
|c 23-09-16
|
| 999 |
|
|
|c 171781
|d 171781
|